Detalles MARC
| 000 -ENCABEZADO |
| Número de control [NR] |
02563nam a22003377i 4500 |
| 001 - NÚMERO DE CONTROL |
| control field |
B-12615 |
| 003 - IDENTIFICADOR DE CONTROL NÚMERO |
| control field |
CO-BoFNCP |
| 007 - CAMPO DESCRIPCIÓN FÍSICA FIJA - INFORMACIÓN GENERAL |
| fixed length control field |
t|| |
| 008 - DE LONGITUD FIJA DE DATOS DE ELEMENTOS - INFORMACIÓN GENERAL |
| Elementos de longitud fija [NR] |
090930s2008 my a f z eng d |
| 040 ## - FUENTE DE CATALOGACION [NR] |
| Agencia de catalogación original [NR] |
CO-BoFNCP |
| Idioma de catalogación [NR] |
Español |
| Quien Cataloga |
CO-BoFNCP |
| Convenciones de la descripción [NR] |
rda |
| 041 ## - CODIGO DE IDIOMA [R] |
| Código de idioma para texto/pista de sonido o título separado [R] |
Inglés |
| 043 ## - CODIGO DE AREA GEOGRAFICA [NR] |
| Código de área geográfica [R] |
my |
| 084 ## - OTRO NUMERO DE CLASIFICACION [R] |
| Número clasificador [R] |
A- |
| 100 1# - ASIENTO PRINCIPAL--NOMBRE PERSONAL [NR] |
| Nombre personal [NR] |
Jeyanny, V. |
| ID Autoridad |
41390, |
| Término relacionador [R] |
autor. |
| Relator code |
aut |
| 245 10 - MENCION DE TITULO [NR] |
| Título [NR] |
Khaya ivorensis A. Chev : |
| Parte restante del título [NR] |
Early response to nutrient deficiences in forest plantation nursery. |
| 264 #4 - PRODUCCIÓN, PUBLICACIÓN, DISTRIBUCIÓN, FABRICACIÓN Y COPYRIGHT |
| Fecha de producción, publicación, distribución, fabricación o copyright |
©2008 |
| 300 ## - DESCRIPCION FISICA [R] |
| Extensión [R] |
páginas 593-600 : |
| Otros detalles físicos [NR] |
Tablas, fotografías. |
| 336 ## - TIPO DE CONTENIDO |
| Término de tipo de contenido |
texto |
| Código de tipo de contenido |
txt |
| Fuente |
rdacontent |
| 337 ## - TIPO DE MEDIO |
| Nombre/término del tipo de medio |
sin mediación |
| Código del tipo de medio |
n |
| Fuente |
rdamedia |
| 338 ## - TIPO DE SOPORTE |
| Nombre/término del tipo de soporte |
volumen |
| Código del tipo de soporte |
nc |
| Fuente |
rdacarrier |
| 504 ## - NOTA DE BIBLIOGRAFIA, ETC. [R] |
| Nota de bibliografía, etc. [NR] |
Incluye referencias bibliográficas. |
| 520 ## - NOTA DE RESUMEN, ETC. [R] |
| Nota de sumario, etc. [NR] |
Macronutrients are essential elements for the growth and development of forest tree species. The lack of sufficient nutrients may adversely affect the growth and quality of the plants. The objective of this study was to observe and determine the initial macronutrient deficiency symptoms on the growth and vigour of Khaya ivorensis seedlings.One-month-old K. ivorensis seedlings were transplanted into 15 cm diameter and 23 cm tall plastic pots filled with acid washed sand. The treatments assigned were T1: Control (Complete Hoagland No 2 solution), T2: Hoagland No 2 solution lacking in nitrogen, T3: Hoagland No 2 solution lacking in phosphorus, T4: Hoagland No 2 solution lacking in potassium, T5: Hoagland No 2 solution lacking in calcium, and T6: Hoagland No 2 solution lacking in magnesium. Irrigation was done according to treatments with mL of the specified nutrient solution or distilled water every alternate day. On other days, 100 mL of distilled water was added. There were eight replications for each treatment. All pots were laid out in a complete randomised design (CRD). The visual deficiency symptoms and seedling growth were recorded monthly and the plant tissue nutrient contents were analysed for the initial three months after transplanting. All treatments except for control induced deficiency symptoms. Observations showed that seedling growth was reduced due to K, Ca and Mg deficiencies compared with control. The effects of N, K and Mg on the tissue content were also significantly reduced. |
| 650 #0 - ASIENTO SECUNDARIO DE MATERIA - TERMINO TEMATICO [R] |
| Término temático o nombre geográfico como elemento de entrada [NR] |
Deficiencia de nutrientes |
| 9 (RLIN) |
31594. |
| 650 #0 - ASIENTO SECUNDARIO DE MATERIA - TERMINO TEMATICO [R] |
| Término temático o nombre geográfico como elemento de entrada [NR] |
Establecimiento de plantas |
| 9 (RLIN) |
9911. |
| 650 #0 - ASIENTO SECUNDARIO DE MATERIA - TERMINO TEMATICO [R] |
| Término temático o nombre geográfico como elemento de entrada [NR] |
Palma de aceite |
| 9 (RLIN) |
37678. |
| 700 1# - ASIENTO SECUNDARIO - NOMBRE PERSONAL [R] |
| Nombre personal [NR] |
Ab Ghani, Ab Rasip |
| 9 (RLIN) |
41391. |
| 773 0# - ASIENTO DEL ITEM FUENTE [R] |
| Asiento principal [NR] |
The Planter (Malasia) |
| Información sobre la relación [R] |
v. 84, no. 990 (2008), p.593-600 |
| Número de control del registro [R] |
A- |
| Número Internacional Normalizado para Publicaciones Seriadas - ISSN [NR] |
0126-575x |
| 942 ## - ELEMENTOS DE ENTRADA AGREGADOS (KOHA) |
| Sistema de clasificación |
Local |
| Tipo de ítem principal el descrito en 300a |
Artículo |
| 999 ## - NÚMEROS DE SISTEMAS DE CONTROL (KOHA) |
| Koha biblionumber |
26587 |
| 999 ## - NÚMEROS DE SISTEMAS DE CONTROL (KOHA) |
| Registro cosechable |
Si |